|
|
|
|
| LEADER |
00000nam0a2200000 4500 |
| 001 |
352508 |
| 005 |
20231102010514.0 |
| 035 |
|
|
|a (RuTPU)RU\TPU\retro\9129
|
| 090 |
|
|
|a 352508
|
| 100 |
|
|
|a 20200115d1918 k y0rusy50 ca
|
| 101 |
0 |
|
|a rus
|
| 102 |
|
|
|a RU
|
| 105 |
|
|
|a y z 000zy
|
| 200 |
1 |
|
|a Обзор преподавания на Курсах Мурабов
|e по подготовке мастеров-поливальщиков, водомерщиков, водных надзирателей, водных старост и т. п.
|f А. Быков
|g Туркестанский Народный Университет
|
| 210 |
|
|
|a Ташкент
|d 1918
|
| 215 |
|
|
|a 10 с.
|
| 225 |
1 |
|
|a Технический факультет (техникум)
|v Вып. № 2
|
| 300 |
|
|
|a Текст в русской дореформенной орфографии
|
| 606 |
1 |
|
|a Методика преподавания
|x В высшей школе
|2 stltpush
|3 (RuTPU)RU\TPU\subj\43483
|9 62977
|
| 606 |
1 |
|
|a Гидрометрия
|2 stltpush
|3 (RuTPU)RU\TPU\subj\6764
|9 34568
|
| 610 |
1 |
|
|a коллекция ТПУ
|
| 610 |
1 |
|
|a учебные планы
|
| 610 |
1 |
|
|a учебные дисциплины
|
| 610 |
1 |
|
|a практические занятия
|
| 610 |
1 |
|
|a лекционные занятия
|
| 610 |
1 |
|
|a расписание
|
| 675 |
|
|
|a 556.08
|v 4
|
| 686 |
|
|
|a Ч481.2
|v LBC/SL-A
|2 rubbk
|
| 700 |
|
1 |
|a Быков
|b А.
|
| 712 |
0 |
2 |
|a Туркестанский Народный Университет
|
| 801 |
|
1 |
|a RU
|b 63413507
|c 20200115
|
| 942 |
|
|
|c BK
|